000 00436nam a2200181Ia 4500
001 23725
005 20260414150956.0
008 260414t2016||||xx |||||||||||||| ||spa||
041 _aESP
082 _a697.93
_bM63
100 _aMiranda Barreras, Ángel Luis
_eAUT
245 0 _aTécnicas de climatización
_b
260 _c2016
300 _a216 páginas :
_c24 cm.
650 _a0
654 _aCIC
942 _cLIB
_dJUS
_fJUS
_2ddc
_n
999 _c23725
_d23725